| 000 | 00436nam a2200181Ia 4500 | ||
|---|---|---|---|
| 008 | 230524s9999 xx 000 0 und d | ||
| 020 | _a8188429163 | ||
| 082 |
_a621.3 _bBAS |
||
| 100 | _aS.Basakaran | ||
| 245 | 0 | _aTransmission Lines and Networks | |
| 250 | _a1ST | ||
| 260 |
_aNEW DELHI _bScitech _c2000 |
||
| 300 | _aVIII;287 | ||
| 500 | _aQuantity Number: 3 | ||
| 650 | _aElectrical | ||
| 700 | _a S.Mary Jones | ||
| 942 | _cBK | ||
| 999 |
_c26140 _d26140 |
||